000 00433ntaaa2200169 4500
003 01
005 20251027201246.0
008 0714s1973 ag 01
040 _aAR-BaBN
_bspa
_cAR-BaBN
_eaacr
_dRIC
082 _a220.93 E47
245 _aExposición Arqueológica del Estado de Israel
250 _a1 ed. :
_bMuseo Nacional de Bellas Artes,
_c1960
300 _a53 p.
500 _a(Lám)
650 _aArqueología
_95159
942 _cBK
999 _c6962
_d6962